000 00832nam a22002537a 4500
003 CHAP
005 20220329140312.0
008 971013s r 00010 d
010 _a50050
011 _a51022
035 _a55172
040 _cCHAP
090 _aR-1386
100 0 0 _aFenton, R. T.
_940059
245 _aRotations in man-made forests
500 _aSobretiro de: World Symposium on man-made forests and their Industrial Importance. Canberra, 1967. pp. 600-603
590 _aBATCH-UPD
_b10
_c20130110
_lUCH01
_h0512
590 _aCONVERSION
_b10
_c20130109
_lUCH01
_h1327
650 1 4 _aBosques artificiales.
_914424
710 0 _aWorld Sympoisum on Man-Made Forests and their Industrial Importance. (1967 : Canberra)
_9122741
901 _aBK
942 _cREIMP
949 _aR-1386
_bBC
_cR
_d-121239
_eTS1
_i55172
_si
999 _c50050
_d50050